| 000 | 01021cam a2200313 i 4500 | ||
|---|---|---|---|
| 999 |
_c26424 _d26424 |
||
| 001 | 2722044 | ||
| 005 | 20170204112344.0 | ||
| 008 | 780104s1978 nmuaf b 001 0ceng | ||
| 010 | _a 77029047 | ||
| 020 |
_a0826304729 : _c$17.50 |
||
| 043 | _an-mx--- | ||
| 050 | 0 | 0 | _aNK4031 .W47 1978 |
| 100 | 1 | _aWhitaker, Irwin. | |
| 245 | 1 | 2 |
_aA potter's Mexico / _cIrwin & Emily Whitaker. |
| 250 | _a1st ed. | ||
| 260 |
_aAlbuquerque : _bUniversity of New Mexico Press, _cc1978. |
||
| 300 |
_axvi, 136 p., [8] leaves of plates : _bill. (some col.) ; _c27 cm. |
||
| 500 | _aIncludes index. | ||
| 504 | _aBibliography: p. 130-133. | ||
| 650 | 0 |
_aPottery, Mexican _y20th century. |
|
| 650 | 0 |
_aPotters _zMexico _xBiography. |
|
| 700 | 1 |
_aWhitaker, Emily, _d1921- _ejoint author. |
|
| 942 |
_2lcc _cBOOKS |
||